C'est arrivé un 2 décembre - Statistiques

Statistiques générales
  • Ce quiz a été pris 17 fois
    8 depuis la dernière actualisation
  • Le résultat moyen est 5 sur 12
Statistiques - réponses
Description Réponse % Correct
Président Français ayant commis un coup d'état pour rester au pouvoir le 2 décembre 1851 Louis-Napoléon Bonaparte
100%
Création le 2 décembre 1845 d'un association recueillant des animaux SPA
75%
Bataille portant le nom d'une gare de Paris ayant eu lieu le 2 décembre 1805 Bataille d'Austerlitz
50%
15e président cubain, au pouvoir depuis le 2 décembre 1976 Fidel Castro
50%
Narco-trafiquant mis à mort le 2 décembre 1993 Pablo Escobar
50%
Naissance le 2 décembre 1981 d'une fameuse chanteuse américaine étant connue pour être toxique Britney Spears
25%
Naissance le 2 décembre 1991 d'un chanteur américain ayant sortie Voicenotes Charlie Puth
25%
Municipalité insurrectionnelle qui siégea à l'Hôtel de Ville de Paris du 10 août au 2 décembre 1792 Commune de Paris
25%
Sacre d'un grand empereur Français le 2 décembre 1804 Napoléon 1er
25%
Un pays du moyen orient ayant pris son indépendance le 2 décembre 1971 Émirats Arabes Unis
25%
Abdication d'un dirigeant Autrichien le 2 décembre 1848 Ferdinand 1er
25%
Napoléon III le proclame le 2 décembre 1852 Second Empire
25%
Aucun quiz correspondant
Distribution des résultats
% des personnes avec chaque résultat
Percentile par nombre de réponses
Votre historique - résultats
Vous n’avez pas pris ce quiz depuis la dernière actualisation